| 000 | 00689nam a22002177a 4500 | ||
|---|---|---|---|
| 001 | BRCA_9416 | ||
| 003 | FranzMayer | ||
| 005 | 20230918130105.0 | ||
| 008 | 230904b |||||||| |||| 00| 0 eng d | ||
| 040 |
_aMFM _bESPAÑOL _cMFM |
||
| 050 |
_aTS230.T7 _bG47 1987 |
||
| 100 | 1 |
_4Autor _aGuerra y Melendez, Raul _929626 |
|
| 240 |
_aEl juguete tradicional mexicano _lEspañol |
||
| 245 | 0 | _aEl juguete tradicional mexicano | |
| 260 |
_aMéxico _bDIF _c1987 |
||
| 300 |
_a66 hojas _bIlustraciones _c28 cm |
||
| 500 | _aAnexo 1 | ||
| 505 | _aTexto en: españolIncluye índice temáticoIncluye bibliografía | ||
| 650 | 1 |
_2Juguetes _aMéxico _vjuguetes mexicanos _929627 |
|
| 942 |
_2lcc _cB |
||
| 999 |
_c11038 _d11038 |
||